000 00402pab a2200169 454500
008 180718b2005 xxu||||| |||| 00| 0 eng d
100 _aNiraj Kumar
245 _aLand reforms in Bihar: an appraisal
260 _c2005
300 _ap.120-33.
362 _aOct-Dec
650 _aLand reform - India - Bihar
650 _aLand reform
773 _aIASSI Quarterly
908 _aN
909 _a73338
999 _c73338
_d73338